Born in London? 2 - Statistics

General Stats
  • This quiz has been taken 20 times
  • The average score is 4 of 10
Answers on the Grid
Answers color-coded by a green-red scale on the quiz's grid according to % correct below.
Bob Hope
Stanley Kubrick
Angela Langsbury
Andrew Lincoln
Brad Pitt
Alfred Molina
Elizabeth Taylor
Richard Burton
Micha Barton
Peter Drinkage
Sean Astin
Stephen 'Steve O' Glover
Rebecca Hall
Marianne Jean-Baptite
Joss Ackland
 
Answer Stats
Answer % Correct
Andrew Lincoln
67%
Alfred Molina
60%
Angela Langsbury
53%
Bob Hope
53%
Elizabeth Taylor
47%
Micha Barton
40%
Stephen 'Steve O' Glover
33%
Joss Ackland
20%
Rebecca Hall
20%
Marianne Jean-Baptite
7%
No matching quizzes found
Score Distribution
Percent of People with Each Score
Percentile by Number Answered
Your Score History
You have not taken this quiz